| 000 | 008560000a22002530004500 | ||
|---|---|---|---|
| 090 |
_aAR _b00653 |
||
| 245 | 1 | 0 | _aComparison of surface and buried Larrea Tridentata leaf litter decomposition in North American hot deserts |
| 650 | 1 | 4 |
_aFauna _992594 |
| 650 | 1 | 4 |
_aMicroartrópodos _993767 |
| 650 | 1 | 4 |
_aNemátodos _911617 |
| 650 | 1 | 4 |
_aDescomposición _914391 |
| 650 | 1 | 4 |
_aSuelos _9287 |
| 651 | 4 |
_lDesierto de Sonora _pEstados Unidos _992749 |
|
| 651 | 4 |
_lDesierto de Chiguagua _pEstados Unidos _992749 |
|
| 651 | 4 |
_lDesierto de Colorado _pEstados Unidos _992749 |
|
| 653 |
_gLarrea _eLarrea tridentata |
||
| 041 | 0 | _aInglés | |
| 700 | 1 |
_aElkins, Ned Z. _993769 |
|
| 700 | 1 |
_aSteinberger, Yosef _993770 |
|
| 700 | 1 |
_aWhitford, Walter G. _993771 |
|
| 100 | 1 |
_aSantos, Perseu F. _993772 |
|
| 942 | _cARTICULO | ||
| 773 | 1 |
_tEcology _357 _h1 _q278-284 _d1984 _g65 |
|
| 999 |
_c9745 _d9745 |
||